000 00288nam a22001337a 4500
008 170411b xxu||||| |||| 00| 0 eng d
020 _a0801493323
041 _aeng
080 _a616
100 _a9
101 _aSHM
245 _aDIFFERENCE AND PATHOLOGY
_cGILMAN.S
942 _2udc
_cBK
999 _c10288
_d10288